[Event "Muensterland op 41st"]
[Site "Muenster"]
[Date "2024.10.13"]
[Round "2"]
[White "Bahr, Maximilian"]
[Black "Storm, Max"]
[Result "0-1"]
[WhiteElo "1894"]
[BlackElo "2019"]
[PlyCount "44"]
[EventDate "2024.10.12"]
[EventType "swiss"]
[EventRounds "9"]
[EventCountry "GER"]
[SourceTitle "CB43_2024"]
[Source "Chessbase"]
[SourceDate "2024.10.23"]
[SourceVersion "1"]
[SourceVersionDate "2024.10.23"]
[SourceQuality "1"]

1. e4 e6 2. d4 d5 3. Nc3 dxe4 4. Nxe4 Nd7 5. Nf3 Ngf6 6. Ng3 c5 7. Bc4 Qc7 8. 0-0 cxd4 9. Qxd4 Bc5 10. Qh4 Be7 11. Bd3 Nd5 12. Qg4 g6 13. Bh6 N7f6 14. Qd4 Bc5 15. Qh4 Be7 16. Qd4 Qb6 17. Qe5 Rg8 18. h3 Bd7 19. a3 Bd6 20. Qe2 Bxg3 21. c4 Nf4 22. Qe5 Nxh3+ 0-1

[Event "Muensterland Regionalliga playoff 5-8"]
[Site "Germany"]
[Date "2023.03.18"]
[Round "1.5"]
[White "Boelker, Franz"]
[Black "Bahr, Maximilian"]
[Result "1-0"]
[WhiteElo "1806"]
[BlackElo "1716"]
[PlyCount "57"]
[EventDate "2022.03.18"]
[EventType "team-k.o."]
[EventRounds "2"]
[EventCountry "GER"]
[SourceTitle "EXT 2024"]
[Source "ChessBase"]
[SourceDate "2023.10.10"]
[SourceVersion "1"]
[SourceVersionDate "2023.10.10"]
[SourceQuality "1"]
[WhiteTeam "Raesfeld Erle II"]
[BlackTeam "Emsdetten Rochade"]
[WhiteTeamCountry "GER"]
[BlackTeamCountry "GER"]

1. d4 d5 2. c4 c6 3. Nc3 Nf6 4. Bg5 e6 5. Nf3 dxc4 6. e4 b5 7. e5 h6 8. Bh4 g5 9. Nxg5 hxg5 10. Bxg5 Nbd7 11. Qf3 Qb6 12. Bxf6 Rg8 13. 0-0-0 Nxf6 14. Qxf6 Be7 15. Qf3 Bb7 16. Qh5 c5 17. d5 b4 18. dxe6 Qxe6 19. Nb5 Bg5+ 20. Qxg5 Rxg5 21. Nc7+ Ke7 22. Nxe6 fxe6 23. Bxc4 Rxg2 24. Rd6 Rxf2 25. Rxe6+ Kf8 26. Rg1 Be4 27. Rf6+ Rxf6 28. exf6 Ke8 29. Re1 1-0

[Event "Muensterland Regionalliga Gr1 2223"]
[Site "Germany"]
[Date "2022.11.26"]
[Round "4.7"]
[White "Bahr, Maximilian"]
[Black "Raschke, Wolf Dieter"]
[Result "1/2-1/2"]
[WhiteElo "1740"]
[BlackElo "1670"]
[PlyCount "70"]
[EventDate "2022.09.03"]
[EventType "team-tourn"]
[EventRounds "7"]
[EventCountry "GER"]
[SourceTitle "EXT 2024"]
[Source "ChessBase"]
[SourceDate "2023.10.10"]
[SourceVersion "1"]
[SourceVersionDate "2023.10.10"]
[SourceQuality "1"]
[WhiteTeam "Emsdetten Rochade"]
[BlackTeam "Muenster SK IV"]
[WhiteTeamCountry "GER"]
[BlackTeamCountry "GER"]

1. e4 e6 2. d4 d5 3. e5 c5 4. c3 Nc6 5. Nf3 Qb6 6. Bd3 cxd4 7. 0-0 Bd7 8. Re1 Be7 9. Bc2 Rc8 10. a3 dxc3 11. Nxc3 a6 12. Be3 Qc7 13. Kh1 b5 14. Rc1 Na5 15. Bd3 Qb7 16. Qe2 Nc4 17. Bf4 Bc5 18. Ng5 h6 19. Qh5 hxg5 20. Qxh8 gxf4 21. Qxg8+ Bf8 22. Bxc4 Rxc4 23. Qh7 Bc6 24. f3 b4 25. Ne2 bxa3 26. bxa3 Bxa3 27. Rxc4 dxc4 28. Rb1 Bb5 29. Qc2 Qd5 30. Qc3 Qd3 31. Qe1 Qe3 32. Qa5 Bc5 33. Nc3 Bb6 34. Qb4 Bc5 35. Qa5 Bb6 1/2-1/2

[Event "Muensterland Verbandsklasse 1718"]
[Site "Germany"]
[Date "2017.12.16"]
[Round "4.5"]
[White "Groemping, Franz Josef"]
[Black "Bahr, Maximilian"]
[Result "1-0"]
[WhiteElo "1633"]
[BlackElo "1679"]
[PlyCount "49"]
[EventDate "2017.09.16"]
[EventType "team-tourn"]
[EventRounds "9"]
[EventCountry "GER"]
[SourceTitle "EXT 2019"]
[Source "ChessBase"]
[SourceDate "2018.10.10"]
[SourceVersion "1"]
[SourceVersionDate "2018.10.10"]
[SourceQuality "1"]
[WhiteTeam "Raesfeld Erle II"]
[BlackTeam "Emsdetten Rochade III"]
[WhiteTeamCountry "GER"]
[BlackTeamCountry "GER"]

1. e4 e5 2. Nf3 Nc6 3. Bc4 Bc5 4. b4 Bxb4 5. c3 Ba5 6. Qb3 Qe7 7. d4 exd4 8. 0-0 d6 9. cxd4 h6 10. d5 Ne5 11. Nxe5 dxe5 12. Qb5+ Bd7 13. Qxa5 Nf6 14. Ba3 Qd8 15. Qc3 Bg4 16. f3 Bh5 17. Qxe5+ Kd7 18. Qf5+ Ke8 19. Bb5+ c6 20. Qe5+ Kd7 21. dxc6+ Kc8 22. Rc1 Qb6+ 23. Kh1 Qe3 24. cxb7+ Kxb7 25. Qc7# 1-0

[Event "Steinfurt Bezirksliga 1415"]
[Site "Germany"]
[Date "2014.09.06"]
[Round "1.8"]
[White "Zilske, Jan Niklas"]
[Black "Bahr, Maximilian"]
[Result "1-0"]
[WhiteElo "1411"]
[BlackElo "1463"]
[PlyCount "91"]
[EventDate "2014.09.06"]
[EventType "team-tourn"]
[EventRounds "9"]
[EventCountry "GER"]
[SourceTitle "EXT 2016"]
[Source "ChessBase"]
[SourceDate "2015.10.08"]
[SourceVersion "1"]
[SourceVersionDate "2015.10.08"]
[SourceQuality "1"]
[WhiteTeam "Reckenfeld"]
[BlackTeam "Emsdetten Rochade III"]
[WhiteTeamCountry "GER"]
[BlackTeamCountry "GER"]

1. e4 e5 2. Nf3 Nc6 3. Nc3 Nf6 4. Bb5 d6 5. d4 Bg4 6. d5 a6 7. Ba4 b5 8. Nxb5 axb5 9. Bxb5 Rb8 10. Qd3 Be7 11. Bxc6+ Nd7 12. h3 Bh5 13. b3 0-0 14. Bxd7 Qxd7 15. Bg5 f6 16. Bd2 Bg6 17. Nh4 Be8 18. Nf5 g6 19. Qg3 Kh8 20. Nxe7 Qxe7 21. 0-0 Rg8 22. f4 Bd7 23. fxe5 dxe5 24. Qh4 Qc5+ 25. Rf2 Rbf8 26. Kh2 g5 27. Qg3 Qxc2 28. Bb4 Qxe4 29. Bxf8 Rxf8 30. Raf1 Kg7 31. Qc3 Bb5 32. Re1 Qxd5 33. Qxc7+ Rf7 34. Qc3 e4 35. Rd2 Qf5 36. a4 Bd3 37. Kg1 Qf4 38. Rf2 Qg3 39. Rxe4 Qd6 40. Rd4 Rc7 41. Qxd3 Qe7 42. Rd6 Qe1+ 43. Rf1 Qe5 44. Rdxf6 Qc5+ 45. Kh2 Qe5+ 46. Qg3 1-0

[Event "Steinfurt Bezirksklasse 1314"]
[Site "Germany"]
[Date "2014.05.24"]
[Round "9.3"]
[White "Bahr, Maximilian"]
[Black "Reimann, Tanja"]
[Result "1-0"]
[WhiteElo "1412"]
[BlackElo "1287"]
[PlyCount "55"]
[EventDate "2013.10.05"]
[EventType "team-tourn"]
[EventRounds "9"]
[EventCountry "GER"]
[SourceTitle "EXT 2015"]
[Source "ChessBase"]
[SourceDate "2014.11.20"]
[SourceVersion "1"]
[SourceVersionDate "2014.11.20"]
[SourceQuality "1"]
[WhiteTeam "Rheine SG"]
[BlackTeam "Emsdetten Turm IV"]
[WhiteTeamCountry "GER"]
[BlackTeamCountry "GER"]

1. e4 e6 2. d4 d5 3. exd5 exd5 4. Nc3 Nf6 5. Bg5 Be7 6. Nf3 Bg4 7. Be2 Bxf3 8. Bxf3 c6 9. 0-0 0-0 10. Re1 Re8 11. Qd3 Na6 12. a3 Nc7 13. Re3 Ne6 14. Bh4 Qb6 15. Rae1 Qxb2 16. Qd2 Qxa3 17. Bxf6 Bxf6 18. Nxd5 Qd6 19. Nxf6+ gxf6 20. c4 Red8 21. d5 c5 22. Qb2 Nd4 23. Be4 Rab8 24. Rg3+ Kf8 25. Bxh7 Ne6 26. Qxf6 Ke8 27. dxe6 Qd1 28. Qxf7# 1-0

[Event "Steinfurt Bezirksliga 1213"]
[Site "Germany"]
[Date "2012.11.24"]
[Round "3.8"]
[White "Bahr, Maximilian"]
[Black "Delere, Adrian"]
[Result "1-0"]
[WhiteElo "1141"]
[BlackElo "787"]
[PlyCount "53"]
[EventDate "2012.09.22"]
[EventType "team-tourn"]
[EventRounds "9"]
[EventCountry "GER"]
[SourceTitle "EXT 2015"]
[Source "ChessBase"]
[SourceDate "2014.11.20"]
[SourceVersion "1"]
[SourceVersionDate "2014.11.20"]
[SourceQuality "1"]
[WhiteTeam "Rheine SG"]
[BlackTeam "Reckenfeld II"]
[WhiteTeamCountry "GER"]
[BlackTeamCountry "GER"]

1. e4 e5 2. Nf3 Nc6 3. Bc4 Nf6 4. d3 d6 5. Bg5 h6 6. Bh4 g5 7. Bg3 Bg4 8. Nc3 Bg7 9. Nd5 Nxd5 10. Bxd5 Qd7 11. h4 f6 12. c3 0-0-0 13. Qb3 Kb8 14. d4 Bxf3 15. gxf3 Rhf8 16. Be6 Qe7 17. d5 Na5 18. Qb5 b6 19. b4 Nb7 20. a4 a5 21. bxa5 Nxa5 22. 0-0 Qe8 23. Qa6 Nb7 24. a5 Nxa5 25. Rfb1 c5 26. Qxb6+ Nb7 27. Qxb7# 1-0